000 00562nam a2200193Ia 4500
003 OSt
005 20200103152046.0
008 190216s9999||||xx |||||||||||||| ||und||
020 _a9780070700710
040 _coclc
082 _a330
_bSAM/E
100 _aSamuelson, Paul A
_9709
245 0 _aEconomics /
_cPaul A.Samuelson ; William D. Nordhaus
250 _a19th ed.
260 _bTata Mcgraw Hill Publishing Company Ltd,
_c2013.
_aNew Delhi:
300 _a916p
650 _aEconomics
942 _cBK
_2ddc
_h330
_iSAM/E
_k330
_mSAM/E
999 _c11333
_d11333